000 00716nam a2200253 a 4500
001 000009725
003 DO-SdBNP
005 20240412074311.0
007 ta
008 240220s1982 dr 000 p spa d
040 _aDO-SdBNP
_bspa
_cBNPHU
_erda
082 _bP349h
_222
100 _aPeña Ramos, Héctor
_eautor
_916526
245 1 0 _aEl himen de quisqueya /
_cHéctor Peña Ramos
264 _aSanto Domingo :
_bAlfa y Omega,
_c1982
300 _a247 paginas. ;
_c22 cm.
336 _2rdacontent
_atexto
_btxt
337 _2rdamedia
_asin mediación
_bn
338 _2rdacarrier
_avolumen
_bnc
590 _aInventariado, 2024/DG
650 0 _aLiteratura dominicana.
_967
910 _aDG
942 _2ddc
_cLBS1
999 _c55988
_d55988